The sea of precious virtues = Baḥr al-favāʼid : a medieval Islamic mirror for princes /

محفوظ في:

مؤلفون آخرون: Meisami, Julie Scott, 1937-

التنسيق: كتاب

اللغة: English
Persian

منشور في: Salt Lake City, Utah : University of Utah Press, c1991.

الموضوعات:

الوسوم: إضافة وسم

لا توجد وسوم, كن أول من يضع وسما على هذه التسجيلة!

رقم الطلب: BP188.3 .K55 B3413 1991

LEADER 01112nam a2200301 a 4500
001 5982
003 OSt
005 20250928123556.0
008 130303s1991 utu b 001 0 eng d
010 |a 88027858 
020 |a 0874803136 
040 |c ARCE Library 
041 1 |a eng  |h per 
043 |a aw----- 
050 4 |a BP188.3 .K55 B3413 1991 
240 0 0 |a Baḥr al-favāʼid.  |l English 
245 0 4 |a The sea of precious virtues =  |b Baḥr al-favāʼid : a medieval Islamic mirror for princes /  |c translated from the Persian, edited, and annotated by Julie Scott Meisami. 
264 1 |a Salt Lake City, Utah :  |b University of Utah Press,  |c c1991. 
300 |a xix, 448 pages ;   |c 24 cm. 
500 |a Translation of : Baḥr al-favāʼid. 
504 |a Includes bibliographical references (pages 409-415) and indexes. 
650 0 |a Kings and rulers  |x Religious life  |v Early works to 1800. 
650 0 |a Education of princes  |v Early works to 1800. 
650 0 |a Religious life  |x Islam  |v Early works to 1800. 
700 1 |a Meisami, Julie Scott,   |d 1937-  |9 35780 
901 |a reviewed 
942 |c BK  |2 lcc 
999 |c 6100  |d 6100